|
|
|
|
| LEADER |
00000cam a2200000 7i4500 |
| 001 |
0000003169 |
| 005 |
20021118093000.0 |
| 008 |
021118n |
| 020 |
|
|
|a 034587660
|
| 090 |
0 |
0 |
|a LB2822.75
|b .I4 1993
|
| 245 |
0 |
0 |
|a Implemting national curriculum assessment in the primary school
|c Diane Shorrocks ... [et al.]
|
| 260 |
2 |
|
|a London :
|b Hodder & Stoughton ,
|c 1993
|
| 300 |
|
|
|a 195 p. ; ;
|c 24 cm.
|
| 650 |
|
0 |
|a Educational evaluation
|z Great Britain
|
| 650 |
|
0 |
|a Education
|z Great Britain
|x Evaluation
|
| 700 |
0 |
|
|a Shorrocks, Diane ,
|e author
|
| 999 |
|
|
|a 1000029561
|b Book
|c OPEN SHELF (30 DAYS)
|e Gong Badak Campus
|